000 00364 a2200133 4500
001 155183
040 _cEscola São Tomás de Aquino
100 _aMENDONÇA, Cláudio
240 1 0 _aTerritório e Sociedade no mundo globalizado
_lpor
245 1 0 _aTerritório e Sociedade no mundo globalizado
300 _a64
697 _aGEOGRAFIA GERAL / VIAGENS
942 _cBK
999 _c155183
_d155183